000 00987nam a22002777a 4500
001 BR8104517
003 BR-BrBNA
005 20230928091020.0
007 ta
008 230509b bl.||||| |||| 00| 0 por d
040 _aBR-BrBNA
_bpor
_cBiblioteca Nacional de Agricultura
041 _a(Por)
072 _aA00; E10; E30
_b/G514
090 _ A00 BR8104517
100 1 _aGalina, L.A.
110 1 _aUniversidade Federal da Paraiba, Campina Grande (Brasil). Centro de Humanidades
_0Tese (Mestrado)
_910755
245 1 _aFrentes modernizantes na agricultura brasileira e os ciclos de expansao economica
260 3 _aCampina Grande, PB (Brasil):
_c1981.
300 _a127 p.
500 _aBibliography p. 122-127 (70 ref.). (*) Documento disponível na(o) Universidade Estadual de Maringa, PR (Brazil). Biblioteca Central
650 _aAGRICULTURA
650 _aECONOMIA AGRICOLA
650 _aDESENVOLVIMENTO ECONOMICO
909 _a202309
_bLucia
_c55
_dLucia Elande
942 _cBK
999 _c31762
_d31762